|
|
|
|
| LEADER |
00000cam a2200000 7i4500 |
| 001 |
0000013215 |
| 005 |
20241023.0 |
| 008 |
030929 maua eng |
| 020 |
|
|
|a 0669031216
|
| 040 |
|
|
|a INS
|b eng
|e rda
|
| 090 |
0 |
0 |
|a PE1111
|b .C4611 1978
|
| 100 |
1 |
|
|a Christ, Henry I. ,
|e author
|
| 245 |
1 |
0 |
|a Modern English in Action
|c Henry I. Christ
|
| 264 |
|
1 |
|a Lexington, MA :
|b D. C. Heath and Company
|c 1978
|
| 264 |
|
4 |
|c ©1978
|
| 300 |
|
|
|a 607 pages :
|b illustrations ;
|c 24 cm.
|
| 336 |
|
|
|a text
|2 rdacontent
|
| 337 |
|
|
|a unmediated
|2 rdamedia
|
| 338 |
|
|
|a volume
|2 rdacarrier
|
| 500 |
|
|
|a Includes index
|
| 650 |
|
0 |
|a English language
|x Composition and exercises
|
| 650 |
|
0 |
|a English language
|x Grammar
|
| 999 |
|
|
|a 0000004236
|b BOOK
|c Open Shelf
|e Default branch
|